| 000 | 00444nmm a2200157Ia 4500 | ||
|---|---|---|---|
| 008 | 251105s9999||||xx |||||||||||||||||und|| | ||
| 020 | _a9789562846370 | ||
| 041 | _aspa | ||
| 100 | _aDíaz, Jorge | ||
| 245 | 0 | _aNáufragos de la memoria | |
| 264 |
_a[Santiago de Chile, Chile] : _bRil editores, _c2008 |
||
| 300 | _a80 páginas | ||
| 650 | _aLatin American theater | ||
| 856 | _uhttps://public.digitaliapublishing.com/a/29744 | ||
| 942 | _cCF | ||
| 999 |
_c94424 _d94424 |
||